| 000 | 00000nam##2200000za#4500 |
| 001 | 9.642840 |
| 003 | CaOODSP |
| 005 | 20210624223907 |
| 007 | cr ||||||||||| |
| 008 | 150407|2014||||xxc|||||o f|0| 0 fre|d |
| 020 | |a978-0-660-21752-9 |
| 040 | |aCaOODSP|bfre |
| 043 | |an-cn--- |
| 086 | 1 |aEn154-69/2014F-PDF |
| 110 | 1 |aCanada. |bEnvironnement Canada. |
| 245 | 10|aCahier du participant - Forum Saint-Laurent / |h[ressource électronique]|crédaction: Marie-Claude Ouellet, Andrée-Anne Labrecque, et Evelyne Dufault. Publié avec l'autorisation du ministre de l'Environnement, et avec l'autorisation du ministre du Développement durable, de l'Environnement, de la Faune et des Parcs du Québec. |
| 260 | |aGatineau - Québec : |bEnvironnement Canada |cc2014. |
| 300 | |a24p.|bréférences, tableaux, photographies |
| 590 | |a15-12|b2015-03-20 |
| 691 | 07|aCours d'eau|2gcpds |
| 691 | 07|aGestion de l'eau|2gcpds |
| 775 | 08|tWorkbook - Forum Saint-Laurent / |w(CaOODSP)9.698841 |
| 856 | 40|ahttp://publications.gc.ca|qPDF|s5213 Ko|uhttps://publications.gc.ca/collections/collection_2015/ec/En154-69-2014-fra.pdf |